| 000 | 00455nam a22001817a 4500 | ||
|---|---|---|---|
| 005 | 20260416115257.0 | ||
| 008 | 260416b |||||||| |||| 00| 0 eng d | ||
| 020 |
_a9788190707718 _c495.00 |
||
| 040 | _aMAIN | ||
| 041 | _aEnglish | ||
| 082 |
_a005.13 _bTIW |
||
| 100 |
_aTiwari, U.K. _926620 |
||
| 245 | _aPrinciples of Programming Languages | ||
| 260 |
_aDelhi _bA.B. Publishers _c2025 |
||
| 300 | _a316 | ||
| 650 | _aComputer Science | ||
| 942 | _cBK | ||
| 999 |
_c60624 _d60624 |
||